路線名 一覧クイズ 静岡県 - Statistics

General Stats
  • This quiz has been taken 312 times
  • The average score is 12 of 15
Answer Stats
事業者名 答え 区間 % Correct
JR東海 東海道本線 熱海〜新所原
99%
JR東日本 東海道本線 熱海
99%
JR東海 東海道新幹線 熱海〜浜松
95%
JR東日本 伊東線 熱海〜伊東(全線)
92%
JR東海 身延線 富士〜稲子
91%
JR東海 御殿場線 沼津〜駿河小山
89%
JR東海 飯田線 出馬〜小和田
87%
中小私鉄① 伊豆急行線(伊豆急行) 伊東〜伊豆急下田(全線)
79%
中小私鉄⑥ 静岡清水線(静岡鉄道) 新静岡〜新清水(全線)
75%
中小私鉄③ 鉄道線(遠州鉄道) 新浜松〜西鹿島(全線)
70%
中小私鉄④ 大井川本線(大井川鐵道) 金谷〜千頭(全線)
65%
中小私鉄② 駿豆線(伊豆箱根鉄道) 三島〜修善寺(全線)
64%
中小私鉄⑦ 天竜浜名湖線(天竜浜名湖鉄道) 掛川〜新所原(全線)
61%
中小私鉄④ 井川線(大井川鐵道) 千頭〜井川(全線)
60%
中小私鉄⑤ 岳南鉄道線(岳南電車) 吉原〜岳南江尾(全線)
56%
No matching quizzes found
Score Distribution
Percent of People with Each Score
Percentile by Number Answered
Your Score History
You have not taken this quiz